Biggest towns on lake Balaton - Statistics

General Stats
  • This quiz has been taken 9 times
  • The average score is 6 of 11
Answer Stats
Population North/South shore Answer % Correct
25468 South Siófok
100%
8640 North Balatonalmádi
75%
13138 North Balatonfüred
75%
19652 North Keszthely
75%
4773 South Fonyód
63%
5568 South Balatonboglár
50%
5018 South Balatonlelle
50%
2440 North Zamárdi
50%
4262 North Balatonfűzfő
38%
2595 North Balatonkenese
38%
3667 North Gyenesdiás
13%
No matching quizzes found
Score Distribution
Percent of People with Each Score
Percentile by Number Answered
Your Score History
You have not taken this quiz